00483 2200193 4500001002100000005001500021008004100036020002200077035001900099041000700118082001000125090001600135100002500151245003300176260002700209300002700236500001000263650001600273INLIS00000000000135620241224112332241224||||||||| | ||| |||| || |  a978-979-665-595-0 0010-1224001356 aid0 a372.3 a372.3 HEN d0 aHenry Guntur Tarigan00aDasar-dasar Kurikulum Bahasa aBandungbAngkasac1984 a21x15 cm, x, 190 hlm.; aCet.1 0aIlmu Sosial